Sága o Hákonovi. Kniha druhá, Hostina krkavců /
Pokračování historické ságy o životě vikingského panovníka Hákona Haraldssona, založené částečně na historických pramenech.
Uloženo v:
| Série: | Hákonova sága,
část 2 |
|---|---|
| Hlavní autor: | |
| Další autoři: | |
| Médium: | E-kniha |
| Jazyk: | Czech |
| Vydáno: |
Praha :
Dobrovský s.r.o.,
2023
|
| Edice: | Fobos
|
| Témata: | |
| Příbuzné jednotky: | Z cyklu::
Hákonova sága |
| Tagy: |
Žádné tagy |
| LEADER | 03153nam a2200577 i 4500 | ||
|---|---|---|---|
| 001 | 311820 | ||
| 003 | CZ PrSKC | ||
| 005 | 20260601215712.0 | ||
| 007 | ta | ||
| 008 | 230206s2023 xr a g 000 f cze | ||
| 015 | |a cnb003499706 | ||
| 020 | |a 9788027704132 |q (vázáno) | ||
| 035 | |a (OCoLC)1375348790 | ||
| 040 | |a ABG001 |b cze |e rda | ||
| 041 | 1 | |a cze |h eng | |
| 043 | |a e-no--- | ||
| 045 | |a n2n6 | ||
| 072 | 7 | |a 821.111(73)-3 |x Americká próza |2 Konspekt | |
| 080 | |a 821.111(73)-31 |2 MRF | ||
| 080 | |a 929.731 |2 MRF | ||
| 080 | |a (481) |2 MRF | ||
| 080 | |a (0:82-311.6) |2 MRF | ||
| 100 | 1 | |a Schumacher, Eric, |d 1968- |7 xx0263762 |4 aut | |
| 240 | 1 | 0 | |a Raven's feast. |l Česky |
| 245 | 1 | 0 | |a Sága o Hákonovi. |n Kniha druhá, |p Hostina krkavců / |c Eric Schumacher ; přeložil Ondřej Frühbauer |
| 246 | 3 | 0 | |a Hostina krkavců |
| 264 | 1 | |a Praha : |b Dobrovský s.r.o., |c 2023 | |
| 300 | |a 275 stran : |b ilustrace ; |c 21 cm | ||
| 336 | |a text |b txt |2 rdacontent | ||
| 337 | |a bez média |b n |2 rdamedia | ||
| 338 | |a svazek |b nc |2 rdacarrier | ||
| 490 | 1 | |a Fobos | |
| 500 | |a Přeloženo z angličtiny | ||
| 520 | 2 | |a Pokračování historické ságy o životě vikingského panovníka Hákona Haraldssona, založené částečně na historických pramenech. |b Hákon Haraldsson se vrací v dalším strhujícím historickém dobrodružství z Norské říše doby Vikingů. Píše se rok 935 našeho letopočtu a Hákon právě porazil v bitvě o Vysoký stolec králů svého nelítostného bratra Erika zvaného Krvavá sekera. Nyní však musí bojovat, aby si trůn udržel. Z jihu ohrožují zemi Dánové, vnitřní nepřátelé na východě Opplandu kují vlastní plány, jak se s pomocí Sveů zmocnit norského trůnu. Hákonovi nepomáhá, že je oddán svému snu christianizovat norský lid - snu, který jeho krajané nesdílejí, naopak se mu vzpírají i za cenu násilí. Když nepřátelé vtrhnou do země a říše se začne hroutit, musí Hákon a jeho skupina válečníků jednat rychle. Nakladatelská anotace. Kráceno. | |
| 600 | 0 | 7 | |a Håkon |b I., |c norský král, |d asi 920-961 |7 mzk20221151677 |2 czenas |
| 648 | 4 | |a 920-961 | |
| 648 | 7 | |a 10. století |7 ch460548 |2 czenas | |
| 650 | 0 | 7 | |a panovníci |7 ph117250 |z Norsko |y 10. století |2 czenas |
| 650 | 0 | 9 | |a kings and rulers |z Norway |y 10th century |2 eczenas |
| 655 | 7 | |a americké romány |7 fd131796 |2 czenas | |
| 655 | 7 | |a historické romány |7 fd132414 |2 czenas | |
| 655 | 9 | |a American fiction |2 eczenas | |
| 655 | 9 | |a historical novels |2 eczenas | |
| 700 | 1 | |a Frühbauer, Ondřej, |d 1971- |7 jx20060922006 |4 trl | |
| 787 | 0 | 8 | |i Z cyklu: |t Hákonova sága |g 2 |
| 830 | 0 | |a Fobos | |
| 900 | |a ABA001 |b 21 | ||
| 044 | |a xr | ||
| 910 | |a RBIT002 | ||
| 998 | |d 367264 |a https://core.palmknihy.cz/api/books/367264/cover?rprev6 |b https://core.palmknihy.cz/api/books/367264/cover/400?rprev6 |c https://core.palmknihy.cz/api/books/367264/cover/50?rprev6 |e 2026-06-15 |g 280 |i 9788027704132 |j https://core.palmknihy.cz/api/books/367264/preview.epub |k https://core.palmknihy.cz/api/books/367264/preview.pdf |l |q 49 |r 1 |s https://www.palmknihy.cz/kniha/367264 |t ebook |y 2023 |z 0 |v Hákonova sága |w 2 | ||
| 999 | |d 311818 | ||